000
00315nam a2200121Ia 4500
008
190216s9999||||xx |||||||||||||| ||und||
100
_a
Bhagarva R N
245
4
_a
The Theory And Working Of Union Finance In India
260
_b
Chaitanya Publishing House
_c
1971
300
_a
424p
650
_a
Economics
942
_c
BK
999
_c
9232
_d
9232